000 00437nam a2200169 a 4500
001 61123
005 20180714062631.0
008 140415s1982 000 0 spa d
041 _aspa
082 _a636.0881
_bTEM
100 1 _aTEMPLETON, GEORGES S.
245 1 0 _aCRIA DEL CONEJO DOMESTICO
260 _a[s.l.] :
_bCECSA,
_c1982
300 _a255
650 1 4 _aCUNICULTURA
700 1 _aLOMA , JOSE LUIS DE LA
_etr.
999 _c61123
_d61123